00473nam a2200157 a 450000100100000000500170001000800410002704000250006808200160009311000540010924500200016326000530018330000210023650000300025750400280028700002725120240307073950.0110330s1967 dr 000 0 spa d aDO-SdBNPbspacBNPHU axxxxbR426p1 aRepública Dominicana.b Junta Central Electoral10aProyecciones 7. aSanto Domingo :bJunta Central Electoral,c1967. a187 p. ;c17 cm. aIncluye proyecciones 7-10 aBibliografía : p. 183